"Dear darling Loulie" : letters of Cordelia Lewis Scales to Loulie W. Irby during and after the War between the States /

Bibliographic Details
Main Author: Lumpkin, Martha Neville, 1910-
Other Authors: Scales, Cordelia Lewis, 1844-1915
Format: Book
Language:English
Published: Boulder, Colo. : Ben Gray Lumpkin, 1955.
Subjects:

MARC

Tag First Indicator Second Indicator Subfields
LEADER 00000cam a22000005 4500
001 in00000562148
005 20151014070354.0
008 830601s1955 couc b 00010beng d
035 |a (OCoLC)09564568 
035 |9 ACN9277AM 
040 |a MJP  |c MJP  |d TXA  |d UtOrBLW 
049 |a TXAM  |c [A09052996] 
090 |a CT275.G689  |b A4 1955 
092 |a 929.2  |b S28L 
100 1 |a Lumpkin, Martha Neville,  |d 1910- 
245 1 0 |a "Dear darling Loulie" :  |b letters of Cordelia Lewis Scales to Loulie W. Irby during and after the War between the States /  |c edited by Martha Neville Lumpkin. 
264 1 |a Boulder, Colo. :  |b Ben Gray Lumpkin,  |c 1955. 
300 |a 151 pages :  |b portraits ;  |c 28 cm. 
336 |a text  |b txt  |2 rdacontent 
337 |a unmediated  |b n  |2 rdamedia 
338 |a volume  |b nc  |2 rdacarrier 
504 |a Includes bibliographical references. 
600 1 0 |a Scales, Cordelia Lewis,  |d 1844-1915. 
600 1 0 |a Irby, Loulie W. 
651 0 |a Mississippi  |v Biography. 
700 1 |a Scales, Cordelia Lewis,  |d 1844-1915. 
999 |a MARS 
999 f f |s c42fa95a-1cc6-3a27-801b-697f4a041093  |i 1e878dac-4a5d-3078-9531-1ae87fd04bbb  |t 0 
952 f f |p ric  |a Texas A&M University  |b Rellis Campus  |c Joint Library Facility  |d Remote Storage  |t 0  |e CT275.G689 A4 1955  |h Library of Congress classification  |i unmediated -- volume  |m A14809052996 
998 f f |a CT275.G689 A4 1955  |t 0  |l Remote Storage